000 00305nam a22001337a 4500
008 170728b xxu||||| |||| 00| 0 eng d
020 _a0444862870
041 _aeng
080 _a004
100 _a32
101 _aSHK
245 _aLOCAL NETWORKS FOR COMPUTER COMMUNICATIONS
_cWEST,A
942 _2udc
_cBK
999 _c22146
_d22146